[Event "ch-PriFO"]
[Site "Kazan RUS"]
[Date "2009.01.24"]
[Round "4"]
[White "Evteev,Alexe"]
[Black "Gorozhankina,J"]
[Result "0-1"]
[WhiteElo "1874"]
[BlackElo "2080"]

1.e4 d6 2.d4 Nf6 3.Nc3 e5 4.dxe5 dxe5 5.Qxd8+ Kxd8 6.Nf3 Bd6 7.Bg5 Be6 8.O-O-O Nd7
9.Bb5 Kc8 10.h3 a6 11.Bd3 b5 12.Bh4 h6 13.Bg3 g5 14.Nd2 Nb6 15.Kb1 c5 16.Nf3 b4
17.Nd5 Nfxd5 18.exd5 Bxd5 19.Bf5+ Kb7 20.Nxe5 Rhe8 21.Be4 Bxe4 22.Rxd6 Bxg2
23.Rg1 Bxh3 24.Rxh6 Be6 25.Rh7 Rh8 26.Rgh1 Rxh7 27.Rxh7 Rf8 28.Rg7 Kc8 29.Rxg5 f6
30.Ng6 fxg5 31.Nxf8 Bf5 32.Bd6 Na4 33.Be7 g4 34.Kc1 a5 35.Kd2 Nxb2 36.Bxc5 Nc4+
37.Kc1 Kd8 38.Kd1 Ke8 39.Kc1 Ne5 40.Kd2 Nc6 41.Ke3 Ne7 42.Kf4 Bxc2 43.Ne6 Bb1
44.a3 b3 45.Bd4 Bc2 46.Nc5 Bd1 47.Nd3 Nc6 48.Bc3 Ke7 49.Nb2 Bf3 50.Ke3 Kd6
51.Kd2 Kc5 52.Kd3 Bd5  0-1

[Event "Open"]
[Site "Marianske Lazne CZE"]
[Date "2009.01.24"]
[Round "8"]
[White "Zysko,J"]
[Black "Zapletal,J"]
[Result "1/2-1/2"]
[WhiteElo "2185"]
[BlackElo "2122"]

1.e4 d6 2.d4 Nf6 3.Nc3 e5 4.Nf3 Nbd7 5.Bc4 Be7 6.O-O O-O 7.Re1 a6 8.a4 b6
9.Nd5 Nxd5 10.Bxd5 Rb8 11.Bc6 Bf6 12.c3 Qe7 13.Qd3 Rd8 14.Bxd7 Rxd7 15.d5 Bb7
16.c4 a5 17.Be3 Ra8 18.Reb1 Rdd8 19.Qd2 Bc8 20.Ne1 Bd7 21.Nd3 h6 22.Nc1 Bg5
23.Ne2 Bxe3 24.Qxe3 f5  1/2-1/2

[Event "TCh-AUT 1st Bundesliga 2008-9"]
[Site "Graz AUT"]
[Date "2009.01.25"]
[Round "7"]
[White "Schachinger,M"]
[Black "Hebesberger,T"]
[Result "1-0"]
[WhiteElo "2336"]
[BlackElo "2354"]

1.d4 d6 2.e4 Nf6 3.Nc3 e5 4.dxe5 dxe5 5.Qxd8+ Kxd8 6.Bg5 Be6 7.O-O-O+ Nd7
8.f4 exf4 9.Nf3 h6 10.Bxf4 g5 11.Bg3 Nh5 12.Be5 Bg7 13.Bxg7 Nxg7 14.Ne5 f6
15.Rxd7+ Bxd7 16.Nf7+ Ke7 17.Nxh8 Rxh8 18.Nd5+ Ke6 19.Nxc7+ Ke5 20.Bd3 Nh5
21.Nd5 Re8 22.Ne3 Nf4 23.g3 Nxd3+ 24.cxd3 f5 25.exf5 Bxf5 26.d4+ Ke4 27.Nxf5 Kxf5
28.Rf1+ Kg4 29.Kd2 h5 30.Kd3 Rd8 31.a4 Kh3 32.Rf2 g4 33.Rd2 a6 34.Ke4  1-0

[Event "7th Gibtelecom Masters"]
[Site "Caleta ENG"]
[Date "2009.01.27"]
[Round "1"]
[White "Trent,L"]
[Black "Kandic,Mila"]
[Result "1-0"]
[WhiteElo "2487"]
[BlackElo "2208"]

1.e4 d6 2.d4 Nf6 3.Nc3 e5 4.Nf3 Nbd7 5.Bc4 Be7 6.O-O c6 7.a4 O-O 8.Re1 a5
9.Ba2 Qc7 10.h3 Re8 11.Ng5 Rf8 12.Be3 h6 13.Nf3 Re8 14.Nh4 Nf8 15.dxe5 dxe5
16.Nf5 Be6 17.Qf3 Bxa2 18.Rxa2 Ne6 19.Nxe7+ Qxe7 20.Qg3 Nf4 21.f3 N6h5 22.Qf2 Qg5
23.Kh2 Qg6 24.Raa1 Red8 25.Rad1 Qf6 26.g4 Qe6 27.gxh5 Qxh3+ 28.Kg1 Qxh5 29.Bxf4 exf4
30.Ne2 Qg5+ 31.Kf1 b5 32.Qh2 Rxd1 33.Rxd1 Qc5 34.c3 bxa4 35.Qxf4 a3 36.bxa3 Qxa3
37.Kf2 Qc5+ 38.Qe3 Qh5 39.Qf4 Qc5+ 40.Rd4 a4 41.Qd6 Qb6 42.Qa3 Qb5 43.Ng3 c5
44.Rd5 Rb8 45.Ne2 Rc8 46.Qa2 Ra8 47.Qa3 Rc8 48.Rd2 Ra8 49.Nf4 Qb8 50.Ke3 Qb1
51.Ne2 c4 52.Qb2 Qe1 53.Qb7 Rf8 54.Qd5 Kh8 55.Rd1 Qh4 56.Qc5 Rd8 57.Rxd8+ Qxd8
58.Qxc4 Qb6+ 59.Nd4 a3 60.Qxf7 Qb1 61.Qf8+ Kh7 62.Qxa3 Qg1+ 63.Kd3 Qb1+ 64.Kc4 Qd1
65.e5 Qf1+ 66.Kd5 Qg1 67.Qf8 Qe3 68.Qxg7+  1-0

[Event "7th Gibtelecom Masters"]
[Site "Caleta ENG"]
[Date "2009.01.27"]
[Round "1"]
[White "Ripari,M"]
[Black "Kotronias,V"]
[Result "0-1"]
[WhiteElo "2313"]
[BlackElo "2603"]

1.e4 d6 2.d4 Nf6 3.Nc3 e5 4.Nf3 Nbd7 5.Bc4 Be7 6.O-O O-O 7.Re1 c6 8.a4 b6
9.d5 cxd5 10.Nxd5 Bb7 11.b3 Rc8 12.a5 Nxd5 13.Bxd5 Bxd5 14.exd5 b5 15.a6 f5
16.Qe2 Bf6 17.Bb2 Qb6 18.Red1 Nc5 19.Ne1 Nxa6 20.Qe3 Nc5 21.b4 Na4 22.Qxb6 axb6
23.Rab1 Rc4 24.Ba1 Kf7 25.Rb3 e4 26.f4 Bxa1 27.Rxa1 Rd4 28.Rbb1 Rc8  0-1

[Event "XXXIV Open"]
[Site "Seville ESP"]
[Date "2009.01.27"]
[Round "5"]
[White "Huerga Leache,M"]
[Black "Paunovic,D"]
[Result "1-0"]
[WhiteElo "2418"]
[BlackElo "2526"]

1.e4 d6 2.d4 Nf6 3.Nc3 e5 4.dxe5 dxe5 5.Qxd8+ Kxd8 6.Bg5 Bd6 7.O-O-O Nd7
8.Bc4 Ke8 9.f3 a6 10.Nge2 h6 11.Bh4 Kf8 12.g4 g6 13.Bf2 Kg7 14.h4 b5 15.Bb3 Nc5
16.Bd5 Rb8 17.g5 Nxd5 18.Nxd5 Ne6 19.Ba7 Ra8 20.gxh6+ Kxh6 21.Be3+ Kg7 22.h5 Rxh5
23.Rxh5 gxh5 24.Ng3 Nf4 25.Nxf4 exf4 26.Nxh5+ Kg6 27.Nxf4+ Bxf4 28.Bxf4 c5
29.Be3 c4 30.Rd6+ Kh7 31.Rd8 Kg6 32.Bd4 f5 33.Rd6+ Kf7 34.exf5 Ke7 35.Bc5 Kf7
36.Rd8  1-0

[Event "ch-PriFO"]
[Site "Kazan RUS"]
[Date "2009.01.28"]
[Round "8"]
[White "Vasenev,S1"]
[Black "Chernova,A"]
[Result "1/2-1/2"]
[WhiteElo "2312"]
[BlackElo "2193"]

1.e4 d6 2.d4 Nf6 3.Nc3 e5 4.Nge2 Be7 5.h3 c6 6.Be3 Nbd7 7.Qd2 Qa5 8.g4 b5
9.Ng3 exd4 10.Bxd4 b4 11.Nce2 c5 12.Be3 Ne5 13.Bg2 Nc4 14.Qc1 Rb8 15.O-O Be6
16.Bf4 h6 17.Rd1 Rd8 18.a3  1/2-1/2

[Event "ch-PriFO"]
[Site "Kazan RUS"]
[Date "2009.01.28"]
[Round "8"]
[White "Gerasimov,I"]
[Black "Politov,P"]
[Result "1-0"]
[WhiteElo "2342"]
[BlackElo "2201"]

1.e4 d6 2.d4 Nf6 3.Nc3 c6 4.Nf3 Bg4 5.h3 Bh5 6.Bd3 Nbd7 7.g4 Bg6 8.e5 dxe5
9.dxe5 Bxd3 10.Qxd3 Ng8 11.Bg5 Qc7 12.e6 fxe6 13.O-O-O e5 14.Rhe1 g6 15.Nxe5 Nxe5
16.Qg3 Bg7 17.Bf4 Nh6 18.Rxe5 O-O 19.Re4 e5 20.Bd2 Qf7 21.Rf1 Rad8 22.Qh4 Rxd2
23.Kxd2 Qd7+ 24.Kc1 Nf7 25.Rd1 Nd6 26.Re2 Qe6 27.Qg3 a5 28.Kb1 b5 29.Ne4 Nc4
30.b3 Na3+ 31.Kb2 b4 32.c4 a4 33.Qd3 axb3 34.axb3 Ra8 35.Ra1 Qf7 36.Qd6 Qa7
37.Qxb4 Qd4+ 38.Qc3 Qa7 39.b4  1-0

[Event "7th Gibtelecom Masters"]
[Site "Caleta ENG"]
[Date "2009.01.29"]
[Round "3"]
[White "Bok,B"]
[Black "Al Sayed,Mohamad"]
[Result "1/2-1/2"]
[WhiteElo "2277"]
[BlackElo "2488"]

1.e4 d6 2.d4 Nf6 3.Nc3 e5 4.dxe5 dxe5 5.Qxd8+ Kxd8 6.Bc4 Ke8 7.Nf3 Bd6 8.Bg5 Nbd7
9.O-O-O h6 10.Bh4 a6 11.a4 b6 12.Nd5 Nxd5 13.Bxd5 Rb8 14.Nd2 b5 15.axb5 axb5
16.Nf1 Nb6 17.Bc6+ Bd7 18.Bxd7+ Kxd7 19.Ne3 Ra8 20.b3 g6 21.Kb2 Ke6 22.c3 Rhb8
23.Nc2 Ra7 24.Ra1 Rba8 25.Rxa7 Rxa7 26.f3 Ra8 27.Bf2 Nd7 28.Rd1 h5 29.h3 f5
30.Re1 f4 31.Ra1 Rxa1 32.Nxa1 g5 33.Kc2 g4 34.hxg4 hxg4 35.fxg4 Nf6 36.Kd3 Nxg4
37.Bg1 Nf6 38.Nc2 Nd7 39.Bf2 Bc5 40.Bh4 Bg1 41.b4 c6 42.Na3 Be3 43.Nc2 Ba7
44.Na3 Bg1 45.c4 c5 46.Be1 cxb4 47.Bxb4 Bc5 48.Kc3 bxc4 49.Nxc4 Bxb4+ 50.Kxb4 Nf6
51.Nd2 Ng4 52.Nf1 Nf2 53.g3 f3 54.Nh2 Nxe4  1/2-1/2

[Event "1st Open"]
[Site "Gurgon IND"]
[Date "2009.01.29"]
[Round "10"]
[White "Konguvel,P"]
[Black "Mohannad,F"]
[Result "1-0"]
[WhiteElo "2462"]
[BlackElo "2279"]

1.e4 d6 2.d4 Nf6 3.Nc3 e5 4.Nf3 Nbd7 5.g4 Nxg4 6.Rg1 Ngf6 7.Bc4 h6 8.dxe5 dxe5
9.Qd3 c6 10.Be3 Qc7 11.Bxf7+ Kxf7 12.Qc4+ Ke7 13.Nh4 Kd8 14.Ng6 Rg8 15.O-O-O Qa5
16.Qe6 Ba3 17.Rd3 Re8 18.Qf7 Bc5 19.Bd2 Qa6 20.Nxe5 Re7 21.Qf8+ Ne8 22.Nxd7 Bxd7
23.Rxd7+ Kxd7 24.Qf5+ Re6 25.Qxc5 Rd8 26.Qf5 Ke7 27.Nd5+ cxd5 28.Bb4+ Rdd6
29.e5 g5 30.exd6+ Nxd6 31.Qxd5 Qc6 32.Rd1 Qxd5 33.Rxd5 Kd7 34.Kd2 Kc6 35.Rxd6+ Rxd6+
36.Bxd6 Kxd6 37.Kd3 Ke5  1-0

[Event "ch-PriFO"]
[Site "Kazan RUS"]
[Date "2009.01.29"]
[Round "9"]
[White "Ozolin,M"]
[Black "Panchenko,AN"]
[Result "1/2-1/2"]
[WhiteElo "2377"]
[BlackElo "2279"]

1.e4 d6 2.d4 Nf6 3.Nc3 e5 4.Nf3 Nbd7 5.Bc4 Be7 6.O-O O-O 7.Re1 c6 8.a4 b6
9.b3 a6 10.Bb2 Rb8 11.Bd3 Re8 12.Ne2 Bf8 13.Ng3 b5 14.axb5 axb5 15.b4 Qc7
16.Qd2 c5 17.bxc5 dxc5 18.dxe5 Ng4 19.e6 Rxe6 20.Ng5 Rh6 21.h3 Nge5 22.f4 Nxd3
23.cxd3 c4 24.Nf5 Rc6 25.dxc4 Rxc4 26.Kh1 Qb7 27.Bxg7 Bxg7 28.Ne7+ Kf8 29.Qd6 Ke8
30.e5 Nf8 31.Nxc8 Rbxc8 32.e6 fxe6 33.Nxe6 Nxe6 34.Rxe6+ Kf7 35.Rae1 R4c7
36.Qd1 Kg8 37.Re8+ Rxe8 38.Rxe8+ Bf8 39.Qb3+ Rf7 40.Qg3+ Rg7 41.Qb3+ Qf7
42.Qxb5 Qxf4 43.Qd5+ Qf7 44.Qxf7+ Rxf7 45.Re2 Kg7 46.g3 Rf3 47.Kg2 Rd3 48.Re4 Bd6
49.Rg4+ Kf6 50.h4 Be5 51.Rg5 h6 52.Rg8 Kf5 53.Kh3 Ke4 54.Rg4+ Kf5 55.Rg8 Bf6
56.Rg4 Be5 57.Rg8  1/2-1/2

[Event "XXXIV Open"]
[Site "Seville ESP"]
[Date "2009.01.29"]
[Round "7"]
[White "Teran Alvarez,I"]
[Black "Strikovic,A"]
[Result "0-1"]
[WhiteElo "2436"]
[BlackElo "2533"]

1.e4 d6 2.d4 Nf6 3.Nc3 e5 4.Nf3 Nbd7 5.g4 Nxg4 6.Rg1 Ngf6 7.Be3 c6 8.Qd2 b5
9.a3 a6 10.O-O-O Qc7 11.Nh4 g6 12.f4 Bb7 13.dxe5 dxe5 14.fxe5 Nxe5 15.Bf4 Be7
16.Rg5 Nfd7 17.Bh3 Bxg5 18.Bxg5 f6 19.Bh6 Nf8 20.Ng2 Bc8 21.Bxc8 Rxc8 22.Nf4 Qe7
23.Rf1 Nfd7 24.Qg2 Nf7 25.Qh3 Nxh6 26.Qxh6 Rf8 27.Qh3 Rf7 28.Rd1 f5 29.exf5 Rxf5
30.Nd3 Kf8 31.Re1 Qg5+ 32.Kb1 Nf6 33.Nc5 Kg8 34.Ne6 Qg4 35.Qh6 Nh5 36.Ne4 Qh4
37.Ng3 Rf7 38.Ng5 Rg7 39.Re2 Qg4 40.Ne6 Re7 41.Ng5 Rce8 42.Nxh7 Rxe2 43.Nxh5 Re1+
44.Ka2 Qc4+  0-1

[Event "7th Gibtelecom Masters"]
[Site "Caleta ENG"]
[Date "2009.01.30"]
[Round "4"]
[White "Skage,O"]
[Black "Osuna Vega,E"]
[Result "1-0"]
[WhiteElo "1925"]
[BlackElo "2130"]

1.e4 d6 2.d4 Nf6 3.Nc3 e5 4.Nf3 Nbd7 5.Bc4 Be7 6.Bxf7+ Kxf7 7.Ng5+ Kg8 8.Ne6 Qe8
9.Nxc7 Qg6 10.Nxa8 Qxg2 11.Rf1 exd4 12.Qxd4 Ne5 13.f4 Bh3 14.Qf2 Qg6 15.fxe5 Ng4
16.Qg3 Bxf1 17.Kxf1 Kf7 18.h3 Ne3+ 19.Qxe3 Rxa8 20.Qf4+ Kg8 21.Nd5 Qe6 22.Nxe7+ Qxe7
23.exd6 Qe6 24.Kg2 Rf8 25.Qg4 Qc4 26.Bh6 Qxc2+ 27.Kh1 Qxb2 28.Rg1 Rf7 29.d7 Qd4
30.Rd1  1-0

[Event "TCh-AUT 2nd Bundesliga Mitte 2008-9"]
[Site "Austria AUT"]
[Date "2009.01.31"]
[Round "5"]
[White "Meszaros,T"]
[Black "Supancic,D"]
[Result "1/2-1/2"]
[WhiteElo "2432"]
[BlackElo "2376"]

1.e4 d6 2.d4 Nf6 3.Nc3 e5 4.Nf3 Nbd7 5.Bc4 Be7 6.O-O O-O 7.Re1 c6 8.a4 Qc7
9.h3 b6 10.dxe5 Nxe5 11.Nxe5 dxe5 12.Qf3 h6 13.Ne2 Nh7 14.Ng3 Bg5 15.Be3 Bd7
16.Nh5 Be6 17.Bxe6 fxe6 18.Qe2 Rad8 19.Bxg5 Nxg5 20.h4 Nh7 21.Ra3 Nf6 22.Nxf6+ Rxf6
23.Rd3 Rdf8 24.f3 Qf7 25.Qf2 Rg6 26.g3 Rf6 27.Kg2 Qh5 28.Rf1 Rg6 29.Kh3 Rgf6
30.Kg2 Rg6 31.Kh3 Rgf6 32.g4 Qg6 33.Qg3 Rf4 34.Rfd1 Qe8 35.Kg2 c5 36.b3 c4
37.Rc3 cxb3 38.cxb3 Qe7 39.Rdd3 Kh7 40.g5 Qf7 41.g6+ Qxg6 42.Qxg6+ Kxg6 43.Rc7 R4f7
44.Rc6 Re7 45.Kg3 Kf6 46.Kg4 g6 47.Rdd6 Rfe8 48.Kg3 Rg8 49.b4 h5 50.a5 bxa5
51.bxa5 g5 52.hxg5+ Rxg5+ 53.Kf2 h4 54.Rd8 Rgg7 55.Rh8 Rh7 56.Rcc8 h3 57.Rcf8+ Kg6
58.Rfg8+ Kf6 59.Rf8+ Kg6 60.Rfg8+  1/2-1/2

[Event "TCh-AUT 2nd Bundesliga Mitte 2008-9"]
[Site "Austria AUT"]
[Date "2009.01.31"]
[Round "5"]
[White "Tober,G"]
[Black "Jovanovic,Zo CRO"]
[Result "0-1"]
[WhiteElo "2318"]
[BlackElo "2564"]

1.e4 d6 2.d4 Nf6 3.Nc3 e5 4.Nge2 Be7 5.g3 c6 6.Bg2 b5 7.a3 a5 8.h3 h5 9.Be3 Nbd7
10.Nb1 Bb7 11.Nd2 O-O 12.O-O Re8 13.c3 Bf8 14.Qc2 g6 15.Bg5 Qb6 16.Be3 Qc7
17.f4 Bg7 18.dxe5 dxe5 19.f5 c5 20.Rf2 c4 21.Raf1 Qd6 22.Rd1 Qc6 23.fxg6 fxg6
24.b3 Ba6 25.bxc4 bxc4 26.Rb1 Rab8 27.Rff1 Qd6 28.Qa2 Qd3 29.Rf3 Rxb1+ 30.Qxb1 Qxb1+
31.Nxb1 Rb8 32.Rf1 Bf8 33.Nd2 Rb2 34.Ra1 Bc5 35.Bxc5 Rxd2 36.Be7 Rxe2 37.Rd1 Kf7
38.Bd8 Re3 39.Bxa5 Rxg3 40.Kf2 Rd3 41.Rb1 Rd2+ 42.Kg1 Ke6 43.Bb4 g5  0-1

[Event "TCh-AUT 2nd Bundesliga Mitte 2008-9"]
[Site "Austria AUT"]
[Date "2009.01.31"]
[Round "5"]
[White "Horvath,Cs1"]
[Black "Sebenik,M"]
[Result "1/2-1/2"]
[WhiteElo "2529"]
[BlackElo "2485"]

1.d4 d6 2.e4 Nf6 3.Nc3 e5 4.Nf3 Nbd7 5.Bc4 Be7 6.O-O O-O 7.Re1 a6 8.a4 b6
9.Bg5 Bb7 10.d5 Kh8 11.Be3 Ng8 12.Bf1  1/2-1/2

[Event "7th Gibtelecom Masters"]
[Site "Caleta ENG"]
[Date "2009.01.31"]
[Round "5"]
[White "Tate,A"]
[Black "Kharous,E"]
[Result "1-0"]
[WhiteElo "2170"]
[BlackElo "2400"]

1.e4 d6 2.d4 Nf6 3.Nc3 e5 4.Nf3 Nbd7 5.g4 Nxg4 6.Rg1 Ngf6 7.Bc4 h6 8.dxe5 dxe5
9.Be3 c6 10.Qe2 b5 11.Bb3 Qe7 12.O-O-O g5 13.Kb1 Nc5 14.Bxc5 Qxc5 15.h4 g4
16.Nh2 a5 17.a4 b4 18.Na2 Ba6 19.Qd2 h5 20.Rxg4 Be7 21.Rg7 Rd8 22.Qe1 Rxd1+
23.Qxd1 Qxf2 24.Rxf7 Rf8 25.Rxf8+ Kxf8 26.Qh1 Qxh4 27.Nc1 Qxe4 28.Nf3 c5
29.Be6 Bb7 30.Qg1 Ng4 31.Nd2 Qg2 32.Qd1 Bc6 33.Nd3 Bxa4 34.Nc4 e4 35.Nde5 Nxe5
36.Nxe5 Qg5 37.Qd5 Kg7 38.Qxe4 Be8 39.Bc4 a4 40.Qd5 Kh6 41.Bd3 Qg1+ 42.Ka2 Qg7
43.Qe6+ Qf6 44.Qd5 Bd6 45.Nc4 Bf7 46.Qe4 Bf8 47.Kb1 Bg7 48.Qe3+ Qg5 49.Qe4 Qg1+
50.Ka2 Qd4 51.Qh7+ Kg5 52.Qf5+ Kh6 53.Qxf7 b3+ 54.Ka3 Qg1 55.Qe6+ Kg5 56.Qg6+  1-0

[Event "Open"]
[Site "Moscow RUS"]
[Date "2009.01.31"]
[Round "1"]
[White "Belov,Vl"]
[Black "Ponkratov,P"]
[Result "1/2-1/2"]
[WhiteElo "2627"]
[BlackElo "2558"]

1.e4 d6 2.d4 Nf6 3.Nc3 e5 4.dxe5 dxe5 5.Qxd8+ Kxd8 6.Bg5 Nd7 7.Nf3 Bb4 8.O-O-O Bxc3
9.bxc3 Ke7 10.Nh4 g6 11.f3 h6 12.Be3 Ne8 13.g4 Nd6 14.g5 hxg5 15.Bxg5+ Ke8
16.Ng2 f6 17.Bh4 Kf7 18.Bf2 Nb6 19.Ne3 Be6 20.c4 Ndxc4 21.Nxc4 Nxc4 22.Bxc4 Bxc4
23.Rd7+ Ke6 24.Rxc7 Rhc8 25.Rxb7 Rab8 26.Rxb8 Rxb8 27.Kd2 Rd8+ 28.Ke3 f5
29.exf5+ gxf5 30.f4 Rd4  1/2-1/2

[Event "Open"]
[Site "Moscow RUS"]
[Date "2009.01.31"]
[Round "1"]
[White "Kobalia,M"]
[Black "Yudin,S"]
[Result "1/2-1/2"]
[WhiteElo "2634"]
[BlackElo "2562"]

1.e4 d6 2.d4 Nf6 3.Nc3 e5 4.Nge2 Be7 5.h3 h5 6.Bg5 c6 7.f4 Nbd7 8.Qd3 b5
9.a3 Bb7 10.Qf3 a5 11.dxe5 dxe5 12.Ng3 g6 13.Bd3 h4 14.Nge2 Nh5 15.Bxe7 Qxe7
16.f5 g5 17.Nd1 Nf4 18.Ne3 Nf6 19.Ng4 O-O-O 20.Nxf6 Qxf6 21.O-O-O Qe7 22.Qf2 f6
23.Rd2 Nxe2+ 24.Qxe2 Qc5 25.Rhd1 Rd6 26.Bc4 Kc7  1/2-1/2

[Event "7th Gibtelecom Masters"]
[Site "Caleta ENG"]
[Date "2009.02.01"]
[Round "6"]
[White "Gashimov,V"]
[Black "Berg,E"]
[Result "1-0"]
[WhiteElo "2723"]
[BlackElo "2606"]

1.e4 d6 2.d4 Nf6 3.Nc3 e5 4.Nf3 exd4 5.Nxd4 Be7 6.Bd3 O-O 7.O-O Re8 8.h3 c6
9.Re1 Nbd7 10.Nf5 Bf8 11.Bg5 Ne5 12.Ne3 b5 13.a3 Bd7 14.Nf1 h6 15.Bh4 a5
16.Nd2 Be7 17.Bg3 Qb6 18.Bf1 Rad8 19.Kh1 Bc8 20.f4 Ng6 21.Bd3 Nd7 22.a4 b4
23.Ne2 Bf6 24.Rb1 Qc7 25.Rf1 Nc5 26.b3 Ba6 27.Bxa6 Nxa6 28.Bf2 c5 29.Bg1 Nb8
30.Ng3 Nc6 31.Qg4 Qd7 32.Qxd7 Rxd7 33.Rbd1 Bd4 34.Nc4 Nge7 35.Rfe1 Bxg1 36.Kxg1 Nd4
37.Rd2 Nd5 38.Nf5 Nxf5 39.Rxd5 Nd4 40.Nxd6 Re6 41.e5 Nxc2 42.Rb1 Nd4 43.Kf2 Nf5
44.Rbd1 Nxd6 45.exd6 g6 46.Rxc5 Rexd6 47.Rxd6 Rxd6 48.Ke2 Re6+ 49.Kd2 Rd6+
50.Kc2 Re6 51.Rxa5 Re2+ 52.Kd3 Rxg2 53.Rb5 Rg3+ 54.Kc4 Rxh3 55.a5 h5 56.a6  1-0

[Event "TCh-BEL 2008-9"]
[Site "Belgium BEL"]
[Date "2009.02.02"]
[Round "8"]
[White "Kartsev,So"]
[Black "Van Tillburgh,J"]
[Result "1-0"]
[WhiteElo "2200"]
[BlackElo "1979"]

1.d4 d6 2.e4 Nf6 3.Nc3 e5 4.dxe5 dxe5 5.Qxd8+ Kxd8 6.Bg5 c6 7.O-O-O+ Ke8
8.f4 h6 9.Bh4 exf4 10.Bxf6 gxf6 11.Nge2 Bc5 12.Nd4 Bg4 13.Be2 Rg8 14.Bf3 Ke7
15.Nce2 Be6 16.Nxf4 Nd7 17.Rhe1 Ne5 18.Nf5+ Bxf5 19.exf5 Rad8 20.Nd3 Bd6
21.c4 Rge8 22.c5 Bc7 23.b4 a6 24.h3 Kf8 25.Nxe5 Bxe5 26.Kc2 Rd4 27.Rxd4 Bxd4
28.Rd1 Rd8 29.a4 Ke7 30.Rb1 Rd7 31.Kb3 a5 32.Re1+ Kd8 33.bxa5 Bxc5 34.a6 bxa6
35.Bxc6 Re7 36.Be4 a5 37.Kc4 Bb4 38.Rd1+ Kc7 39.Rd4 Re5 40.Kd3 Rc5 41.Bd5 Rc3+
42.Ke4 Rg3 43.Rc4+ Kd7 44.Kd4 Rg5 45.Bc6+ Kd6 46.Be4 Rg8 47.Rc6+ Ke7 48.Rc7+ Kf8
49.Bd5 Rg7 50.Rb7 Bd2 51.Kc5 Ke8 52.Bc6+ Kd8 53.Rd7+  1-0

[Event "TCh-BEL 2008-9"]
[Site "Belgium BEL"]
[Date "2009.02.02"]
[Round "8"]
[White "Tjiam,D"]
[Black "Safranska,A"]
[Result "1-0"]
[WhiteElo "2386"]
[BlackElo "2314"]

1.d4 d6 2.e4 Nf6 3.Nc3 c6 4.h3 Nbd7 5.g4 e5 6.Nge2 Be7 7.Bg2 b5 8.a3 O-O
9.O-O Rb8 10.Ng3 Ne8 11.Nce2 a5 12.f4 exf4 13.Bxf4 Bg5 14.Qd2 Bxf4 15.Qxf4 Nb6
16.Kh2 Be6 17.d5 cxd5 18.Nd4 Qd7 19.Nxe6 Qxe6 20.exd5 Nxd5 21.Qd2 Ne3 22.Rfe1 Nc4
23.Rxe6 Nxd2 24.Re2 Nc4 25.b3 Ne5 26.Rd1 g6 27.Ne4 Rb6 28.g5 f6 29.gxf6 Nxf6
30.Rxd6 Rxd6 31.Nxd6 Nfd7 32.Nxb5 Kg7 33.Nd4 Rc8 34.a4 Kf6 35.Re3 g5 36.Re2 h5
37.Rf2+ Kg6 38.Be4+ Kg7 39.Bf5 Rc3 40.Bxd7 Nxd7 41.Rf5 Kg6 42.Rxa5 Nf6 43.Ra6 g4
44.hxg4 hxg4 45.Rc6 Rh3+ 46.Kg2 Kg5 47.Rc5+ Kg6  1-0

[Event "7th Gibtelecom Masters"]
[Site "Caleta ENG"]
[Date "2009.02.02"]
[Round "7"]
[White "Tsifanskaya,L"]
[Black "Kharous,E"]
[Result "0-1"]
[WhiteElo "2149"]
[BlackElo "2400"]

1.e4 d6 2.d4 Nf6 3.Nc3 e5 4.dxe5 dxe5 5.Qxd8+ Kxd8 6.Bc4 Ke8 7.f3 Bd6 8.Be3 a6
9.a4 Nc6 10.Nge2 Be6 11.Nd5 Nb4 12.O-O-O Nbxd5 13.exd5 Bd7 14.Nc3 Ke7 15.Bg5 h6
16.Bh4 g5 17.Bg3 Nh5 18.Rhe1 Nxg3 19.hxg3 f5 20.f4 gxf4 21.gxf4 e4 22.g4 fxg4
23.Nxe4 Kf7 24.Kb1 Rae8 25.Bd3 h5 26.f5 Reg8 27.f6 Bb4 28.c3 Bf8 29.d6 cxd6
30.Bc4+ Kg6 31.f7 Rg7 32.Nxd6 g3 33.Bd3+ Kh6 34.Bf5 Bxf5+ 35.Nxf5+ Kg6 36.Nxg3 h4
37.Ne4 Kxf7 38.Rd7+ Kg6 39.Rg1+ Kf5 40.Nd6+ Ke6 41.Rdxg7 Bxg7 42.Rg6+ Bf6
43.Nc4 h3 44.Rg1 h2 45.Rh1 Be5 46.Nd2 Rf8 47.Nf1 Rf2 48.Nxh2 Rxh2 49.Rxh2 Bxh2
50.Kc2 Kd5 51.Kd3 Bd6 52.b3 a5 53.Ke3 Bc5+ 54.Kd3 b6 55.Ke2 Ke4 56.Kd2 Be7  0-1

[Event "7th Gibtelecom Masters"]
[Site "Caleta ENG"]
[Date "2009.02.03"]
[Round "8"]
[White "Bates,C"]
[Black "Welling,G"]
[Result "0-1"]
[WhiteElo "2142"]
[BlackElo "2371"]

1.d4 d6 2.e4 Nf6 3.Nc3 e5 4.Nf3 Nbd7 5.g3 Be7 6.Bg2 O-O 7.O-O c6 8.a4 b6
9.Re1 Re8 10.b3 a6 11.Bb2 Bb7 12.Qd2 Qc7 13.Rad1 b5 14.Nh4 Bf8 15.dxe5 dxe5
16.Nf5 Nc5 17.Qg5 Ne6 18.Qh4 Rad8 19.Ne2 Bb4 20.c3 Bc5 21.Bc1 Rxd1 22.Rxd1 Rd8
23.Rf1 Ne8 24.b4 Bf8 25.a5 Rd3 26.Ne3 Be7 27.Qh3 Bc8 28.g4 Qb8 29.Rd1 Rxd1+
30.Nxd1 Qd6 31.Nb2 c5 32.c4 bxc4 33.Nxc4 Qd1+ 34.Bf1 Qc2 35.Nxe5 Qxe4 36.Qe3 Qxe3
37.Bxe3 cxb4 38.Nc1 Bb7 39.Nb3 Nd6 40.Nc4 Kf8 41.Ncd2 Ke8 42.Bc5 Nc8 43.Bxe7 Kxe7
44.f4 Na7 45.f5 Nc7 46.Nc5 Bc8 47.Kf2 Kd6 48.Ndb3 Nc6 49.Ne4+ Ke5 50.Ng5 Kf4
51.Nxf7 Kxg4 52.Nd6 Bxf5 53.Nxf5 Kxf5 54.Bd3+ Ke5 55.Bxh7 Nd4 56.Nc1 Nd5
57.Bd3 Nc6 58.Bxa6 Nxa5 59.Ke2 Kd4 60.Kd2 b3 61.Ne2+ Kc5 62.Bc8 Nc4+ 63.Kc1 Kb4
64.Be6 Nc3 65.Bxc4 Kxc4 66.Nf4 Kb4 67.h4 Ka3 68.Nd3 Ka2 69.Nb4+ Ka1 70.Nc2+ Ka2
71.Nb4+ Ka3 72.Nd3 Na4 73.Kd2 Nc5 74.Ne5 Kb4 75.Kc1 Kc3 76.Nf3 Ne4 77.h5 Nf6
78.Ng5 Nxh5 79.Ne6 g6 80.Ng5 Nf6 81.Ne6 b2+ 82.Kb1 Ne4  0-1

[Event "7th Gibtelecom Masters"]
[Site "Caleta ENG"]
[Date "2009.02.03"]
[Round "8"]
[White "Al Sayed,Mohamad"]
[Black "Akobian,V"]
[Result "1/2-1/2"]
[WhiteElo "2488"]
[BlackElo "2619"]

1.d4 d6 2.e4 Nf6 3.Nc3 c6 4.f4 Qa5 5.e5 Ne4 6.Bd3 Nxc3 7.Qd2 e6 8.bxc3 c5
9.Nf3 d5 10.c4 Qxd2+ 11.Bxd2 dxc4 12.Bxc4 a6 13.a4 cxd4 14.Nxd4 Nd7 15.a5 Nc5
16.Be3 Bd7 17.Be2 Rc8 18.Bf3 Rc7 19.O-O Be7 20.Rfb1 O-O 21.Rb4 Rfc8 22.Rab1 f6
23.exf6 gxf6 24.Bxb7 Nxb7 25.Rxb7 e5 26.fxe5 fxe5 27.Nf3 Bb5 28.Rxc7 Rxc7
29.Nxe5 Rxc2 30.Bb6 Bf6  1/2-1/2

[Event "7th Gibtelecom Masters"]
[Site "Caleta ENG"]
[Date "2009.02.04"]
[Round "9"]
[White "Krush,I"]
[Black "Klinova,M"]
[Result "1-0"]
[WhiteElo "2457"]
[BlackElo "2328"]

1.d4 d6 2.e4 Nf6 3.Nc3 e5 4.Nf3 exd4 5.Nxd4 Be7 6.g3 d5 7.e5 Ne4 8.Nxe4 dxe4
9.Bg2 c5 10.Nb5 Qxd1+ 11.Kxd1 Bg4+ 12.Ke1 Nc6 13.Nc7+ Kd7 14.Nxa8 Nxe5 15.Bxe4 Rxa8
16.h3 Bf3 17.Bxf3 Nxf3+ 18.Kf1 Bf6 19.Kg2 Nd4 20.c3 Nc2 21.Rb1 Re8 22.Rd1+ Kc6
23.Bd2  1-0

[Event "7th Gibtelecom Masters"]
[Site "Caleta ENG"]
[Date "2009.02.04"]
[Round "9"]
[White "Stebbings,A"]
[Black "Kharous,E"]
[Result "1/2-1/2"]
[WhiteElo "2290"]
[BlackElo "2400"]

1.e4 d6 2.d4 Nf6 3.Nc3 e5 4.Nf3 Nbd7 5.Bc4 Be7 6.O-O O-O 7.Re1 c6 8.a4 b6
9.Ba2 Bb7 10.h3 a6 11.Nh4 Re8 12.Nf5 Bf8 13.dxe5 Nxe5 14.Bg5 b5 15.Qd2 Bc8
16.Qf4 b4 17.Nb1 Be6 18.Nd2 Bxa2 19.Rxa2 d5 20.Raa1 d4 21.Nh6+ gxh6 22.Bxf6 Ng6
23.Qf5 Be7 24.Bxe7 Qxe7 25.Rad1 Rad8 26.Nb3 Qa7 27.Qc5 Qxc5 28.Nxc5 Re5 29.Nxa6 c5
30.Nc7 Nf4 31.b3 Rg5 32.g3 Nxh3+ 33.Kf1 Rg7 34.e5 Ng5 35.e6 fxe6 36.Nxe6 Nxe6
37.Rxe6 Rg6 38.Rxg6+ hxg6 39.Ke2 g5 40.g4 Kg7 41.a5 Kf6 42.Kd3 Ke5 43.Kc4 Kd6
44.a6 Kc6 45.Ra1 d3 46.c3 d2 47.Rd1 Kb6 48.cxb4 Rd4+ 49.Kc3 Rxb4 50.Rxd2 Kxa6
51.Rd6+ Kb5 52.Rxh6  1/2-1/2

[Event "7th Gibtelecom Masters"]
[Site "Caleta ENG"]
[Date "2009.02.04"]
[Round "9"]
[White "Vernay,C"]
[Black "Kiik,K"]
[Result "1/2-1/2"]
[WhiteElo "2339"]
[BlackElo "2466"]

1.d4 d6 2.e4 Nf6 3.Nc3 e5 4.Nf3 Nbd7 5.Bc4 Be7 6.O-O O-O 7.a4 a6 8.b3 exd4
9.Nxd4 Ne5 10.Be2 d5 11.f4 Nc6 12.Nxc6 bxc6 13.e5 Bb4 14.Bb2 Bxc3 15.Bxc3 Ne4
16.Bb2 f5 17.Qe1 Be6 18.Ba3 Rf7 19.Rd1 Qb8 20.Kh1 Qb6 21.a5 Qa7 22.Rd3 Rb8
23.Rh3 c5 24.Bf3 g6 25.Bxe4 fxe4 26.Rh6 c6 27.h3 Qe7 28.Kh2 Qf8 29.Qh4 e3
30.Rf3 d4 31.Rg3 Bf5 32.e6 Rg7 33.Rg5 Re8 34.g4 Bxc2 35.f5 Qd6+ 36.Kg1 Qf4
37.Rxh7 Qf2+ 38.Qxf2 exf2+ 39.Kxf2 Rxh7 40.Rxg6+ Rg7 41.Rh6 Rh7 42.Rg6+ Rg7
43.Rh6 Rh7 44.Rg6+ Rg7 45.Rh6  1/2-1/2

[Event "7th Gibtelecom Masters"]
[Site "Caleta ENG"]
[Date "2009.02.05"]
[Round "10"]
[White "Al Sayed,Mohamad"]
[Black "Welling,G"]
[Result "1-0"]
[WhiteElo "2488"]
[BlackElo "2371"]

1.e4 d6 2.d4 Nf6 3.Nc3 c6 4.f4 Qa5 5.e5 Ne4 6.Qf3 d5 7.Bd3 Na6 8.Ne2 Nb4
9.f5 Nxd3+ 10.cxd3 Nxc3 11.bxc3 g6 12.e6 fxe6 13.fxg6 hxg6 14.O-O  1-0

[Event "14th HIT Open"]
[Site "Nova Gorica SLO"]
[Date "2009.02.05"]
[Round "7"]
[White "Zorko,Ju"]
[Black "Rukavina,J"]
[Result "1/2-1/2"]
[WhiteElo "2396"]
[BlackElo "2417"]

1.e4 d6 2.d4 Nf6 3.Nc3 e5 4.Nf3 Nbd7 5.Bc4 Be7 6.O-O O-O 7.Re1 c6 8.a4 a5
9.h3 exd4 10.Nxd4 Nc5 11.Ba2 Kh8 12.Qf3 Be6 13.Nf5 Bxf5 14.Qxf5 Qb6 15.Bc4 Qb4
16.Bf1 Rae8 17.Bd2 Bd8 18.Qf3 Nfd7 19.b3 Bf6 20.Rad1 Qb6 21.g3 Bd4 22.Ne2 Bf6
23.Nf4 Re7 24.Be3 Qc7 25.Bxc5 Nxc5 26.Bg2 Rfe8 27.Nh5 Be5 28.Re2 Re6 29.Qe3 g6
30.Nf4 Bxf4 31.Qxf4 Qe7 32.h4 f5 33.Red2 fxe4 34.Rxd6 Rxd6 35.Qxd6 Qxd6 36.Rxd6 e3
37.Kf1 exf2 38.Kxf2 Kg7 39.Bf3 Kf7 40.Rd4 Ke7 41.Rc4 Kd6 42.Rd4+ Ke5 43.Rc4 Kd6
44.Rd4+ Ke5 45.Rc4 Kd6 46.Rd4+  1/2-1/2